Measure safety injury frequency rates. (Record no. 36608)

MARC details
000 -LEADER
fixed length control field 00721cam a22002411 4500
001 - CONTROL NUMBER
control field l 48000049
003 - CONTROL NUMBER IDENTIFIER
control field DLC
005 - DATE AND TIME OF LATEST TRANSACTION
control field 20260227111540.0
008 - FIXED-LENGTH DATA ELEMENTS--GENERAL INFORMATION
fixed length control field 921102s1948 dcu s f000 0 eng c
010 ## - LIBRARY OF CONGRESS CONTROL NUMBER
LC control number l 48000049
035 ## - SYSTEM CONTROL NUMBER
System control number (OCoLC)26897632
040 ## - CATALOGING SOURCE
Original cataloging agency U.S. Dept. of Labor. Library
Transcribing agency CLU
Modifying agency DLC
042 ## - AUTHENTICATION CODE
Authentication code premarc
050 00 - LIBRARY OF CONGRESS CALL NUMBER
Classification number HD7262
Item number .U62 1948b
082 ## - DEWEY DECIMAL CLASSIFICATION NUMBER
Classification number 331.823
110 1# - MAIN ENTRY--CORPORATE NAME
Corporate name or jurisdiction name as entry element United States.
Subordinate unit Bureau of Labor Standards.
245 10 - TITLE STATEMENT
Title Measure safety injury frequency rates.
260 ## - PUBLICATION, DISTRIBUTION, ETC.
Place of publication, distribution, etc. [Washington,
Date of publication, distribution, etc. 1948]
300 ## - PHYSICAL DESCRIPTION
Extent 6 p.
Dimensions 20 cm.
490 1# - SERIES STATEMENT
Series statement Its Bulletin,
Volume/sequential designation no. 102
650 #0 - SUBJECT ADDED ENTRY--TOPICAL TERM
Topical term or geographic name entry element Industrial accidents
Form subdivision Statistics.
830 #0 - SERIES ADDED ENTRY--UNIFORM TITLE
Uniform title Bulletin (United States. Bureau of Labor Standards) ;
Volume/sequential designation 102.

No items available.

Powered by Koha